[Event "Belgrade-chT Quality"]
[Site "Belgrade"]
[Date "2021.11.13"]
[Round "9.8"]
[White "Vukojicic, Milan"]
[Black "Jecmenica, Vukasin"]
[Result "1-0"]
[WhiteElo "1711"]
[BlackElo "1579"]
[PlyCount "67"]
[EventDate "2021.10.16"]
[EventType "team-tourn"]
[EventRounds "11"]
[EventCountry "SRB"]
[SourceTitle "EXT 2023"]
[Source "ChessBase"]
[SourceDate "2022.10.05"]
[SourceVersion "1"]
[SourceVersionDate "2022.10.05"]
[SourceQuality "1"]
[WhiteTeam "Belgrade Novi"]
[BlackTeam "Belgrade Obrenovac"]
[WhiteTeamCountry "SRB"]
[BlackTeamCountry "SRB"]

1. d4 d5 2. Nf3 Nf6 3. c4 c6 4. Nc3 e6 5. Bf4 Nbd7 6. e3 Qa5 7. a3 Ne4 8. Qc2 Bb4 9. Rc1 Bxc3+ 10. bxc3 Qxa3 11. Bd3 Ndf6 12. c5 0-0 13. 0-0 Qa5 14. h3 h6 15. Ne5 Ng5 16. h4 Ngh7 17. g4 g5 18. Bg3 Qd8 19. f4 Kg7 20. Kg2 Bd7 21. Rh1 Rh8 22. Rh2 b6 23. hxg5 hxg5 24. Rch1 Ne4 25. Bxe4 dxe4 26. Qxe4 f5 27. gxf5 exf5 28. Qb1 bxc5 29. Qb7 cxd4 30. cxd4 Qe7 31. Qxd7 Qxd7 32. Nxd7 gxf4 33. Bxf4 Rad8 34. Be5+ 1-0